[Event "CZE-chT1E 2223"]
[Site "Czech Republic"]
[Date "2023.04.01"]
[Round "10.6"]
[White "Vitak, Pavel"]
[Black "Adamek, Jiri"]
[Result "1/2-1/2"]
[WhiteElo "2219"]
[BlackElo "2288"]
[PlyCount "75"]
[EventDate "2022.10.08"]
[EventType "team-tourn"]
[EventRounds "11"]
[EventCountry "CZE"]
[SourceTitle "EXT 2024"]
[Source "ChessBase"]
[SourceDate "2023.10.10"]
[SourceVersion "1"]
[SourceVersionDate "2023.10.10"]
[SourceQuality "1"]
[WhiteTeam "Stare Mesto"]
[BlackTeam "Poruba Slavoj"]
[WhiteTeamCountry "CZE"]
[BlackTeamCountry "CZE"]

1. e4 d5 2. exd5 Qxd5 3. Nc3 Qa5 4. d4 Nf6 5. Bc4 c6 6. Nf3 Bg4 7. h3 Bxf3 8. Qxf3 e6 9. 0-0 Be7 10. Bb3 Nbd7 11. Re1 0-0 12. Bf4 Rfe8 13. Rad1 Nf8 14. Ne4 Nxe4 15. Rxe4 Rad8 16. Qg3 Rd7 17. c3 Qd8 18. Rde1 a6 19. Bc1 Qb8 20. Qf3 Red8 21. h4 c5 22. d5 Rxd5 23. Bxd5 Rxd5 24. g3 Qd8 25. c4 Rd7 26. Bf4 Ng6 27. Be5 Nxe5 28. Rxe5 Bf6 29. R5e2 Bd4 30. b3 g6 31. h5 e5 32. Kg2 Qg5 33. Re4 Rd6 34. Rg4 Qe7 35. hxg6 hxg6 36. Re2 Qd7 37. Rh4 f5 38. Rh1 1/2-1/2

[Event "CZE-chT2F 1819"]
[Site "Czech Republic"]
[Date "2019.01.27"]
[Round "7.2"]
[White "Adamek, Jiri"]
[Black "Fargac, Martin"]
[Result "0-1"]
[WhiteElo "2343"]
[BlackElo "2226"]
[PlyCount "70"]
[EventDate "2018.10.14"]
[EventType "team-tourn"]
[EventRounds "11"]
[EventCountry "CZE"]
[SourceTitle "EXT 2022"]
[Source "ChessBase"]
[SourceDate "2021.10.06"]
[SourceVersion "1"]
[SourceVersionDate "2021.10.06"]
[SourceQuality "1"]
[WhiteTeam "Poruba Slavoj II"]
[BlackTeam "Trinec II"]
[WhiteTeamCountry "CZE"]
[BlackTeamCountry "CZE"]

1. d4 d5 2. Nf3 Nf6 3. c4 c6 4. Nc3 e6 5. Bg5 h6 6. Bh4 dxc4 7. e4 g5 8. Bg3 b5 9. e5 Nd5 10. Be2 Qa5 11. 0-0 Nxc3 12. bxc3 Qxc3 13. Rc1 Qa3 14. Nd2 Nd7 15. f4 Bb7 16. Bh5 Nb6 17. fxg5 0-0-0 18. Bxf7 hxg5 19. Bxe6+ Kb8 20. Qf3 Qe7 21. Qg4 Ka8 22. Bf2 c5 23. Nf3 Qc7 24. a4 Nxa4 25. d5 Bxd5 26. Bxd5+ Rxd5 27. Nxg5 Nb6 28. Bg3 Rd4 29. Qe6 Bh6 30. Qf6 Qc8 31. Ra1 Nd5 32. Qf7 Qb7 33. Ne6 Ne3 34. Nc7+ Kb8 35. e6 Qxg2# 0-1

[Event "CZE-chT2F 1819"]
[Site "Czech Republic"]
[Date "2018.12.02"]
[Round "4.4"]
[White "Gnida, Patrik"]
[Black "Adamek, Jiri"]
[Result "1-0"]
[WhiteElo "2155"]
[BlackElo "2343"]
[PlyCount "55"]
[EventDate "2018.10.14"]
[EventType "team-tourn"]
[EventRounds "11"]
[EventCountry "CZE"]
[SourceTitle "EXT 2022"]
[Source "ChessBase"]
[SourceDate "2021.10.06"]
[SourceVersion "1"]
[SourceVersionDate "2021.10.06"]
[SourceQuality "1"]
[WhiteTeam "Karvina"]
[BlackTeam "Poruba Slavoj II"]
[WhiteTeamCountry "CZE"]
[BlackTeamCountry "CZE"]

1. e4 e6 2. d4 d5 3. Bd3 c5 4. exd5 Qxd5 5. Nc3 Qxd4 6. Nb5 Qd8 7. Bf4 Na6 8. Qf3 Nf6 9. 0-0-0 Qb6 10. Ne2 Bd7 11. Nec3 Bc6 12. Qh3 Be7 13. Rhe1 Rd8 14. g4 Nd5 15. Be5 Kf8 16. Na3 Rd7 17. Nxd5 Rxd5 18. f4 Nb4 19. Bc4 Rxd1+ 20. Rxd1 f6 21. Bc3 Bd5 22. f5 Nxa2+ 23. Bxa2 Bxa2 24. b3 Bxb3 25. cxb3 Qxb3 26. Nb1 h5 27. Rd7 Ke8 28. Rxe7+ 1-0

[Event "CZE-chT 1617"]
[Site "Czech Republic"]
[Date "2017.02.26"]
[Round "8.6"]
[White "Babula, Vlastimil"]
[Black "Adamek, Jiri"]
[Result "1-0"]
[WhiteElo "2545"]
[BlackElo "2382"]
[PlyCount "39"]
[EventDate "2016.10.08"]
[EventType "team-tourn"]
[EventRounds "11"]
[EventCountry "CZE"]
[SourceTitle "CBM 177 Extra"]
[Source "ChessBase"]
[SourceDate "2017.04.27"]
[SourceVersion "1"]
[SourceVersionDate "2017.04.27"]
[SourceQuality "1"]
[WhiteTeam "Novoborsky"]
[BlackTeam "Poruba Slavoj"]
[WhiteTeamCountry "CZE"]
[BlackTeamCountry "CZE"]

1. d4 Nf6 2. c4 d6 3. Nf3 g6 4. Nc3 Bf5 5. h3 Bg7 6. g4 Bc8 7. e4 0-0 8. Be3 e5 9. d5 h5 10. g5 Nh7 11. Rg1 f5 12. exf5 gxf5 13. Nh4 Qe8 14. Be2 f4 15. Bd2 Qd7 16. Bd3 Qxh3 17. Bxh7+ Kxh7 18. Qxh5+ Kg8 19. Ne4 Rf7 20. Nf6+ 1-0

[Event "CZE-chT 1617"]
[Site "Czech Republic"]
[Date "2017.02.25"]
[Round "7.6"]
[White "Adamek, Jiri"]
[Black "Jirka, Jiri"]
[Result "1/2-1/2"]
[WhiteElo "2382"]
[BlackElo "2437"]
[PlyCount "54"]
[EventDate "2016.10.08"]
[EventType "team-tourn"]
[EventRounds "11"]
[EventCountry "CZE"]
[SourceTitle "CBM 177 Extra"]
[Source "ChessBase"]
[SourceDate "2017.04.27"]
[SourceVersion "1"]
[SourceVersionDate "2017.04.27"]
[SourceQuality "1"]
[WhiteTeam "Poruba Slavoj"]
[BlackTeam "Unichess"]
[WhiteTeamCountry "CZE"]
[BlackTeamCountry "CZE"]

1. Nf3 d5 2. d4 Nf6 3. c4 c6 4. Nc3 a6 5. cxd5 cxd5 6. Bf4 Nc6 7. e3 Bg4 8. h3 Bxf3 9. Qxf3 e6 10. Bd3 Be7 11. 0-0 0-0 12. Rfc1 Rc8 13. Bg5 Nd7 14. Bxe7 Qxe7 15. Qd1 f5 16. Ne2 Nf6 17. Rc2 Rc7 18. Rac1 Rfc8 19. Qe1 Ne4 20. f3 Nd6 21. b3 a5 22. Qd2 Nb4 23. Rxc7 Rxc7 24. Rxc7 Qxc7 25. Nc3 Qe7 26. Bf1 Qh4 27. Bb5 Qd8 1/2-1/2

[Event "CZE-chT1E 1617"]
[Site "Czech Republic"]
[Date "2016.11.06"]
[Round "2.6"]
[White "Adamek, Jiri"]
[Black "Polak, Tomas"]
[Result "1/2-1/2"]
[WhiteElo "2382"]
[BlackElo "2505"]
[PlyCount "132"]
[EventDate "2016.10.16"]
[EventType "team-tourn"]
[EventRounds "11"]
[EventCountry "CZE"]
[SourceTitle "CBM 175 Extra"]
[Source "ChessBase"]
[SourceDate "2016.12.12"]
[SourceVersion "1"]
[SourceVersionDate "2016.12.12"]
[SourceQuality "1"]
[WhiteTeam "Opava KVS"]
[BlackTeam "Brno Moravska Slavia"]
[WhiteTeamCountry "CZE"]
[BlackTeamCountry "CZE"]

1. Nf3 Nf6 2. c4 b6 3. g3 Bb7 4. Bg2 e6 5. 0-0 Be7 6. Nc3 0-0 7. d4 d5 8. Ne5 Qc8 9. cxd5 Nxd5 10. Qb3 Rd8 11. Nxd5 Bxd5 12. Bxd5 Rxd5 13. Qf3 Bf6 14. Nxf7 Kxf7 15. e4 Rxd4 16. e5 Nd7 17. exf6 Nxf6 18. Be3 Rd5 19. b4 Qd7 20. Rac1 Rf8 21. Rc4 Kg8 22. Rfc1 Rf7 23. Qe2 Re5 24. Qb2 Rf5 25. Bd4 Nd5 26. f4 g5 27. fxg5 Rxg5 28. Be5 Rgf5 29. Qe2 Kf8 30. Re4 Rg5 31. Bb2 Rg6 32. Be5 Rg5 33. Qd2 Rg6 34. Qe2 Qe7 35. Qa6 Kg8 36. Qxa7 Qg5 37. Rce1 c5 38. Qa8+ Rf8 39. Qb7 Nxb4 40. Bd6 Rg7 41. Qxb6 Qd8 42. Qxd8 Rxd8 43. Bxc5 Nxa2 44. Rxe6 Rgd7 45. Re8+ Rxe8 46. Rxe8+ Kf7 47. Rf8+ Kg6 48. Rf3 Nc1 49. Ra3 Rd2 50. Be3 Rc2 51. Bf2 Ra2 52. Rf3 Rd2 53. Ra3 Ra2 54. Rxa2 Nxa2 55. Be1 Nc1 56. Kg2 Nd3 57. Bc3 Kf5 58. Kf3 h5 59. h3 Nc5 60. Bd4 Ne6 61. Be3 Nc7 62. g4+ hxg4+ 63. hxg4+ Kg6 64. Ke4 Ne8 65. Bd4 Nf6+ 66. Bxf6 Kxf6 1/2-1/2

[Event "CZE-chT 1516"]
[Site "Czech Republic"]
[Date "2016.04.15"]
[Round "9.2"]
[White "Adamek, Jiri"]
[Black "Talla, Vladimir"]
[Result "1/2-1/2"]
[WhiteElo "2350"]
[BlackElo "2447"]
[PlyCount "21"]
[EventDate "2015.11.07"]
[EventType "team-tourn"]
[EventRounds "11"]
[EventCountry "CZE"]
[SourceTitle "EXT 2017"]
[Source "ChessBase"]
[SourceDate "2016.10.25"]
[SourceVersion "1"]
[SourceVersionDate "2016.10.25"]
[SourceQuality "1"]
[WhiteTeam "Ostrava Poruba"]
[BlackTeam "Ostrava Labortech"]
[WhiteTeamCountry "CZE"]
[BlackTeamCountry "CZE"]

1. d4 d5 2. c4 e6 3. Nc3 Nf6 4. Bg5 Be7 5. e3 h6 6. Bh4 0-0 7. Nf3 b6 8. cxd5 Nxd5 9. Bxe7 Qxe7 10. Bd3 Bb7 11. 0-0 1/2-1/2

[Event "CZE-chT 1516"]
[Site "Czech Republic"]
[Date "2015.12.05"]
[Round "3.2"]
[White "Meduna, Eduard"]
[Black "Adamek, Jiri"]
[Result "1/2-1/2"]
[WhiteElo "2397"]
[BlackElo "2350"]
[PlyCount "33"]
[EventDate "2015.11.07"]
[EventType "team-tourn"]
[EventRounds "11"]
[EventCountry "CZE"]
[SourceTitle "CBM 169 Extra"]
[Source "ChessBase"]
[SourceDate "2015.12.18"]
[SourceVersion "1"]
[SourceVersionDate "2015.12.18"]
[SourceQuality "1"]
[WhiteTeam "Lysa nad Labem"]
[BlackTeam "Ostrava Poruba"]
[WhiteTeamCountry "CZE"]
[BlackTeamCountry "CZE"]

1. d4 Nf6 2. Nf3 d6 3. Bg5 g6 4. Nbd2 Bg7 5. e4 d5 6. exd5 Nxd5 7. c3 0-0 8. Bc4 c6 9. 0-0 f6 10. Bh4 Be6 11. a4 Bf7 12. Re1 Re8 13. Bg3 Nd7 14. a5 b5 15. axb6 axb6 16. h4 b5 17. Bd3 1/2-1/2

[Event "CZE-chT1E 1516"]
[Site "Czech Republic"]
[Date "2015.11.29"]
[Round "4.2"]
[White "Adamek, Jiri"]
[Black "Vesselovsky, Serguei"]
[Result "1/2-1/2"]
[WhiteElo "2337"]
[BlackElo "2339"]
[PlyCount "38"]
[EventDate "2015.10.11"]
[EventType "team-tourn"]
[EventRounds "11"]
[EventCountry "CZE"]
[SourceTitle "EXT 2017"]
[Source "ChessBase"]
[SourceDate "2016.10.25"]
[SourceVersion "1"]
[SourceVersionDate "2016.10.25"]
[SourceQuality "1"]
[WhiteTeam "Opava "]
[BlackTeam "Beskydy Chess School II"]
[WhiteTeamCountry "CZE"]
[BlackTeamCountry "CZE"]

1. d4 Nf6 2. c4 e6 3. Nc3 Bb4 4. e3 0-0 5. Nge2 Re8 6. a3 Bf8 7. Ng3 d5 8. cxd5 exd5 9. Be2 a5 10. Bf3 c6 11. 0-0 Nbd7 12. Re1 Nb6 13. Qd3 Nc4 14. Bd1 Nd6 15. f3 h5 16. Qf1 g6 17. Qf2 Bg7 18. Bc2 b6 19. Nge2 Bf5 1/2-1/2

[Event "CZE-chT 1516"]
[Site "Czech Republic"]
[Date "2015.11.07"]
[Round "1.6"]
[White "Adamek, Jiri"]
[Black "Sodoma, Jan"]
[Result "1-0"]
[WhiteElo "2350"]
[BlackElo "2340"]
[PlyCount "77"]
[EventDate "2015.11.07"]
[EventType "team-tourn"]
[EventRounds "11"]
[EventCountry "CZE"]
[SourceTitle "CBM 169 Extra"]
[Source "ChessBase"]
[SourceDate "2015.12.18"]
[SourceVersion "1"]
[SourceVersionDate "2015.12.18"]
[SourceQuality "1"]
[WhiteTeam "Ostrava Poruba"]
[BlackTeam "Turnov Zikuda"]
[WhiteTeamCountry "CZE"]
[BlackTeamCountry "CZE"]

1. d4 Nf6 2. c4 e6 3. Nc3 Bb4 4. e3 c5 5. Nge2 d5 6. a3 Bxc3+ 7. Nxc3 cxd4 8. exd4 dxc4 9. Bxc4 Nc6 10. Be3 0-0 11. 0-0 b6 12. Qf3 Bb7 13. Bd3 Qd7 14. Qh3 Ne7 15. Bg5 Ng6 16. Bxf6 gxf6 17. Rad1 Bd5 18. Be4 Rad8 19. Bxd5 exd5 20. Qh5 Kg7 21. Rd3 h6 22. Rh3 Rh8 23. Qf3 Qd6 24. Ne2 Kf8 25. Rh5 Ne7 26. Ng3 Ng6 27. Re1 Qf4 28. Qc3 Ne7 29. h3 Rg8 30. Qb4 Qd6 31. Qd2 Rg5 32. Rxh6 Ng6 33. h4 Rxg3 34. fxg3 Qxg3 35. h5 Nf4 36. Rh8+ Kg7 37. Rxd8 Nh3+ 38. Kf1 Qh2 39. h6+ 1-0

[Event "CZE-chT1E 1516"]
[Site "Czech Republic"]
[Date "2015.10.25"]
[Round "2.2"]
[White "Adamek, Jiri"]
[Black "Sluka, Radek"]
[Result "1-0"]
[WhiteElo "2337"]
[BlackElo "2347"]
[PlyCount "99"]
[EventDate "2015.10.11"]
[EventType "team-tourn"]
[EventRounds "11"]
[EventCountry "CZE"]
[SourceTitle "CBM 169 Extra"]
[Source "ChessBase"]
[SourceDate "2015.12.18"]
[SourceVersion "1"]
[SourceVersionDate "2015.12.18"]
[SourceQuality "1"]
[WhiteTeam "Opava "]
[BlackTeam "Grygov"]
[WhiteTeamCountry "CZE"]
[BlackTeamCountry "CZE"]

1. d4 f5 2. c4 Nf6 3. Nc3 e6 4. g3 d5 5. Bg2 c6 6. Nh3 Be7 7. 0-0 0-0 8. Qd3 Na6 9. a3 Ne4 10. f3 Nxc3 11. bxc3 Nc7 12. cxd5 exd5 13. e4 b6 14. Re1 Ba6 15. Qc2 c5 16. exf5 cxd4 17. cxd4 Rc8 18. Bf4 Qd7 19. g4 Bc4 20. Be5 Nb5 21. Qb2 Nd6 22. Nf4 Bh4 23. Red1 Rf7 24. Nh5 Ne8 25. Qd2 Be7 26. Re1 a5 27. Bh3 Qd8 28. Nf4 b5 29. Ne6 Qb6 30. g5 Rc6 31. f4 Bf8 32. g6 hxg6 33. fxg6 Rf6 34. Nxf8 Rxf8 35. f5 Qd8 36. Re3 Qg5+ 37. Kh1 Nf6 38. Rg1 Qh6 39. Qe1 Ne4 40. Bg2 Rxf5 41. Rxe4 dxe4 42. Qxe4 Rcf6 43. Bxf6 Rxf6 44. Qa8+ Rf8 45. Bd5+ Bxd5+ 46. Qxd5+ Kh8 47. Rg5 Rf1+ 48. Kg2 Rf2+ 49. Kxf2 Qxh2+ 50. Qg2 1-0

[Event "CZE-chT 1415"]
[Site "Czech Republic"]
[Date "2015.02.07"]
[Round "7.7"]
[White "Haba, Petr"]
[Black "Adamek, Jiri"]
[Result "1/2-1/2"]
[WhiteElo "2500"]
[BlackElo "2357"]
[PlyCount "117"]
[EventDate "2014.11.01"]
[EventType "team-tourn"]
[EventRounds "11"]
[EventCountry "CZE"]
[SourceTitle "EXT 2016"]
[Source "ChessBase"]
[SourceDate "2015.10.08"]
[SourceVersion "1"]
[SourceVersionDate "2015.10.08"]
[SourceQuality "1"]
[WhiteTeam "Novoborsky"]
[BlackTeam "Ostrava Poruba"]
[WhiteTeamCountry "CZE"]
[BlackTeamCountry "CZE"]

1. d4 Nf6 2. c4 d6 3. Nc3 e5 4. Nf3 e4 5. Ng5 Qe7 6. Qc2 Nc6 7. d5 Nd4 8. Qb1 e3 9. fxe3 Nf5 10. e4 Nh4 11. g3 Ng6 12. Bh3 Bxh3 13. Nxh3 Ne5 14. b3 g6 15. Nf2 Bg7 16. Bd2 0-0 17. 0-0 Neg4 18. Nxg4 Nxg4 19. Qd3 Rae8 20. Rae1 h5 21. h3 Nh6 22. Rf3 Kh7 23. Ref1 a6 24. Be3 Be5 25. Bd4 f6 26. Bxe5 Qxe5 27. Qe3 b6 28. Qf4 Kg7 29. Qxe5 fxe5 30. Rxf8 Rxf8 31. Rxf8 Kxf8 32. b4 g5 33. Kf2 g4 34. h4 Ke7 35. Ke3 Ng8 36. Kd3 Nf6 37. Nd1 Kd7 38. Ne3 Kc8 39. Nf5 Kd7 40. Ng7 Ke7 41. Ne6 Kd7 42. a4 a5 43. c5 axb4 44. c6+ Kc8 45. Ng5 Kb8 46. Kc4 Kc8 47. Kxb4 Kb8 48. Kc4 Ka8 49. Kd3 Kb8 50. Ne6 Kc8 51. Ng7 Kb8 52. Kc4 Kc8 53. Kd3 Kb8 54. Nf5 Ka7 55. Ne3 Ka6 56. Nc4 Ne8 57. Kc3 Nf6 58. Kd3 Ne8 59. Kc3 1/2-1/2

[Event "CZE-chT1E 1415"]
[Site "Czech Republic"]
[Date "2015.02.01"]
[Round "7.2"]
[White "Klima, Lukas"]
[Black "Adamek, Jiri"]
[Result "1/2-1/2"]
[WhiteElo "2341"]
[BlackElo "2357"]
[PlyCount "94"]
[EventDate "2014.10.19"]
[EventType "team-tourn"]
[EventRounds "11"]
[EventCountry "CZE"]
[SourceTitle "EXT 2016"]
[Source "ChessBase"]
[SourceDate "2015.10.08"]
[SourceVersion "1"]
[SourceVersionDate "2015.10.08"]
[SourceQuality "1"]
[WhiteTeam "Kromeriz"]
[BlackTeam "Opava"]
[WhiteTeamCountry "CZE"]
[BlackTeamCountry "CZE"]

1. d4 e6 2. c4 d5 3. Nc3 Nf6 4. cxd5 exd5 5. Bg5 c6 6. e3 Be7 7. Bd3 0-0 8. Qc2 Nbd7 9. Nge2 Re8 10. 0-0 Nf8 11. Rae1 Ne4 12. Bxe7 Qxe7 13. Bxe4 dxe4 14. Ng3 f5 15. f3 exf3 16. Rxf3 g6 17. e4 Qg7 18. Qf2 Bd7 19. Rf1 Ne6 20. Nxf5 gxf5 21. Rg3 Ng5 22. h4 h6 23. hxg5 f4 24. Qxf4 h5 25. Qf6 Bg4 26. e5 Rad8 27. Rd3 Rf8 28. Qxg7+ Kxg7 29. Rxf8 Rxf8 30. Ne4 Bf5 31. Re3 Be6 32. Nc5 Bxa2 33. e6 Re8 34. e7 Kf7 35. Nxb7 Rxe7 36. Nd8+ Ke8 37. Rxe7+ Kxe7 38. Nxc6+ Kd6 39. Nb4 Bb1 40. Kf2 a5 41. Na6 Ke6 42. Nc5+ Kf5 43. Nb3 a4 44. Nc5 Bc2 45. d5 Ke5 46. Ke3 Kxd5 47. Nd3 Bxd3 1/2-1/2

[Event "CZE-chT 1415"]
[Site "Czech Republic"]
[Date "2015.01.11"]
[Round "6.8"]
[White "Adamek, Jiri"]
[Black "Olsar, Jaroslav"]
[Result "1/2-1/2"]
[WhiteElo "2357"]
[BlackElo "2221"]
[PlyCount "176"]
[EventDate "2014.11.01"]
[EventType "team-tourn"]
[EventRounds "11"]
[EventCountry "CZE"]
[SourceTitle "EXT 2016"]
[Source "ChessBase"]
[SourceDate "2015.10.08"]
[SourceVersion "1"]
[SourceVersionDate "2015.10.08"]
[SourceQuality "1"]
[WhiteTeam "Ostrava Poruba"]
[BlackTeam "Karvina"]
[WhiteTeamCountry "CZE"]
[BlackTeamCountry "CZE"]

1. c4 e5 2. Nc3 Nf6 3. g3 d5 4. cxd5 Nxd5 5. Bg2 Nb6 6. Nf3 Nc6 7. 0-0 Be7 8. d3 0-0 9. Be3 Be6 10. Qd2 f6 11. Rfc1 Re8 12. Ne4 Qd7 13. Bc5 Rad8 14. Qe1 Nd5 15. Bxe7 Qxe7 16. Qd1 Kh8 17. a3 f5 18. Nc5 Bc8 19. Qa4 e4 20. Nh4 Nb6 21. Qd1 Qf6 22. Qf1 g5 23. Nxf5 Bxf5 24. Nxe4 Bxe4 25. Bxe4 Qxb2 26. Rab1 Qf6 27. Qh3 Re7 28. e3 Ne5 29. Rd1 c6 30. Qh5 Nd5 31. Rbc1 Qg7 32. d4 Nd7 33. Bb1 N7f6 34. Qf3 Rf8 35. Qg2 Rfe8 36. Re1 Ne4 37. Bd3 g4 38. h3 h5 39. h4 Ndf6 40. Rc2 Rd8 41. Rb1 Rde8 42. Rcb2 Nd6 43. Rc1 Nfe4 44. Rcb1 Qf7 45. Rc2 Qd5 46. Rf1 Qb3 47. Rd1 Rf8 48. Bxe4 Nxe4 49. Rdc1 Qd3 50. Qf1 Qxa3 51. d5 cxd5 52. Qd1 Qd6 53. Qd4+ Qf6 54. Qxd5 Nxf2 55. Kh2 Ne4 56. Qxh5+ Rh7 57. Qxg4 Qf5 58. Qf4 Rg7 59. Rc7 Qxf4 60. exf4 Nxg3 61. Rxg7 Kxg7 62. Kxg3 Rf7 63. Rc8 a6 64. Kg4 b5 65. Rb8 Ra7 66. Kg5 a5 67. Rxb5 a4 68. Rb2 a3 69. Ra2 Ra5+ 70. f5 Ra7 71. h5 Ra6 72. h6+ Rxh6 73. Rxa3 Rb6 74. Ra7+ Kf8 75. Rh7 Kg8 76. Re7 Kf8 77. Rd7 Ra6 78. Rb7 Rc6 79. Rh7 Kg8 80. Re7 Kf8 81. Re6 Rxe6 82. fxe6 Ke7 83. Kf5 Ke8 84. Ke4 Ke7 85. Ke5 Ke8 86. Kf6 Kf8 87. e7+ Ke8 88. Kg6 Kxe7 1/2-1/2

[Event "CZE-chT1E 1415"]
[Site "Czech Republic"]
[Date "2014.11.23"]
[Round "3.1"]
[White "Adamek, Jiri"]
[Black "Bernasek, Jan"]
[Result "1/2-1/2"]
[WhiteElo "2357"]
[BlackElo "2533"]
[PlyCount "33"]
[EventDate "2014.10.19"]
[EventType "team-tourn"]
[EventRounds "11"]
[EventCountry "CZE"]
[SourceTitle "CBM 163 Extra"]
[Source "ChessBase"]
[SourceDate "2014.12.23"]
[SourceVersion "1"]
[SourceVersionDate "2014.12.23"]
[SourceQuality "1"]
[WhiteTeam "Opava"]
[BlackTeam "Brno Duras"]
[WhiteTeamCountry "CZE"]
[BlackTeamCountry "CZE"]

1. d4 d5 2. Nf3 c6 3. c4 dxc4 4. a4 e6 5. e3 b5 6. b3 Bb4+ 7. Bd2 Bxd2+ 8. Nbxd2 cxb3 9. axb5 b2 10. Ra2 Bb7 11. Rxb2 Nf6 12. bxc6 Bxc6 13. Bb5 0-0 14. Bxc6 Nxc6 15. Qa4 Rb8 16. Rxb8 Qxb8 17. 0-0 1/2-1/2